Vienna Yearbook of Population Research (Record no. 6705)

MARC details
000 -LEADER
fixed length control field 00425nam a22001817i 4500
001 - CONTROL NUMBER
control field 7943
003 - CONTROL NUMBER IDENTIFIER
control field OSt
005 - DATE AND TIME OF LATEST TRANSACTION
control field 20170126082405.0
007 - PHYSICAL DESCRIPTION FIXED FIELD--GENERAL INFORMATION
fixed length control field tu
008 - FIXED-LENGTH DATA ELEMENTS--GENERAL INFORMATION
fixed length control field 161220s xxu||||| |||| 00| 0 d
020 ## - INTERNATIONAL STANDARD BOOK NUMBER
International Standard Book Number 978-3-7001-6832-4
022 ## - INTERNATIONAL STANDARD SERIAL NUMBER
International Standard Serial Number 1728-4414
024 7# - OTHER STANDARD IDENTIFIER
Standard number or code 7943
Source of number or code RID
040 ## - CATALOGING SOURCE
Transcribing agency OSt
245 00 - TITLE STATEMENT
Title Vienna Yearbook of Population Research
260 ## - PUBLICATION, DISTRIBUTION, ETC.
Place of publication, distribution, etc. Vienna :
Name of publisher, distributor, etc. Austrian Academy of Sciences (OEAW).
866 #0 - TEXTUAL HOLDINGS--BASIC BIBLIOGRAPHIC UNIT
-- 2009-2010
942 ## - ADDED ENTRY ELEMENTS (KOHA)
Koha item type Statistics
Holdings
Withdrawn status Lost status Damaged status Not for loan Home library Current library Shelving location Date acquired Inventory number Total Checkouts Barcode Date last seen Price effective from Koha item type
        WIIW WIIW Library 04/20/2010 7943   10003845 01/26/2017 01/26/2017 Statistics
The Vienna Instiute for International Economic Studies (wiiw)